[Event "ITA-ch44"]
[Site "Arcidosso"]
[Date "1985.??.??"]
[Round "9"]
[White "Messa, Roberto"]
[Black "Zichichi, Alvise"]
[Result "1/2-1/2"]
[WhiteElo "2285"]
[BlackElo "2360"]

1.e4 c5 2.Nf3 e6 3.d4 cxd4 4.Nxd4 Nc6 5.Nc3 Qc7 6.Ndb5 Qb8 7.a4 a6 8.Na3 b6
9.g3 Qc7 10.Nc4 d6 11.Bf4 Ne5 12.Bxe5 dxe5 13.Qh5 Nf6 14.Qxe5 Qxe5 15.Nxe5 Bb4
16.f3 Nd7 17.Nc6 Bxc3+ 18.bxc3 Bb7 19.Nd4 Rc8 20.Kd2 g6 21.Bd3 e5 22.Ne2 Ke7
23.c4 f5 24.Nc3 fxe4 25.fxe4 Rhf8 26.Rhf1 Rxf1 27.Rxf1 Rf8 28.Rxf8 Kxf8 29.Nd5 a5
30.c3 Bc6 31.Bc2 Nc5 32.Nxb6 Bxe4 33.Nd7+ Nxd7 34.Bxe4 Ke7 35.h4 Kf6 36.Ke3 h6
37.Kf3 Nc5 38.Bc2 Ke6 39.Kg4 Kf6 40.Kf3 Kf7 41.Ke3 g5 42.hxg5 hxg5 43.Kf3 Kf6
44.Ke3 Ke7 45.Kf3 Kf7 46.Ke3 Kf6 47.Kf3 Ke6 48.Ke3 Nd7 49.g4 Nf6 50.Bd1 Kd6
51.Be2 Kc7 52.Bd1 Kb7 53.Bf3+ Kb6 54.Kd3 Kc5 55.Be2 Kd6 56.Bd1 Kc6 57.Bf3+ Kd6
58.Bd1 Nd7 59.Ke4 Ke6 60.Ke3 Nf6 61.Kd3 Nd7  1/2-1/2

[Event "Baden-Baden"]
[Site "Baden-Baden"]
[Date "1985.??.??"]
[Round "6"]
[White "Mrdja, Milan"]
[Black "Janssen, Han"]
[Result "1-0"]
[WhiteElo "2425"]
[BlackElo "2295"]

1.e4 c5 2.Nf3 e6 3.d4 cxd4 4.Nxd4 Nc6 5.Nc3 Qc7 6.g3 a6 7.Bg2 Nf6 8.O-O Be7
9.Re1 Nxd4 10.e5 Nb5 11.Nxb5 axb5 12.exf6 gxf6 13.Qg4 Bf8 14.Qh4 Qd8 15.b3 h5
16.Bb2 Be7 17.a3 Kf8 18.Rad1 f5 19.Qd4 Rg8 20.h4 Qc7 21.Qd2 Rg6 22.Bf3 Bf6
23.Bxf6 Rxf6 24.Bxh5 f4 25.g4 Rh6 26.Qb4+ Ke8 27.Rd4 Qa5 28.Rxf4 Qxb4 29.Bxf7+ Ke7
30.axb4 Rf6 31.Rxf6 Kxf6 32.Bh5 Ra2 33.Re2 d5 34.f4 Bd7 35.Kf2 d4 36.Kg3 d3
37.cxd3  1-0

[Event "Baden-Baden"]
[Site "Baden-Baden"]
[Date "1985.??.??"]
[Round "9"]
[White "Kindermann, Stefan"]
[Black "Janssen, Han"]
[Result "1-0"]
[WhiteElo "2480"]
[BlackElo "2295"]

1.e4 c5 2.Nf3 e6 3.d4 cxd4 4.Nxd4 Nc6 5.Nc3 Qc7 6.g3 a6 7.Bg2 Nf6 8.O-O Be7
9.Re1 Nxd4 10.e5 Nb5 11.Nxb5 axb5 12.exf6 gxf6 13.Qg4 Bf8 14.c3 h5 15.Qf5 Be7
16.Qxb5 Ra5 17.Qd3 h4 18.Bf4 d6 19.b4 Ra3 20.Qb5+ Kf8 21.c4 Kg7 22.c5 e5
23.Be3 dxc5 24.bxc5 hxg3 25.hxg3 f5 26.Qb2 Qa5 27.Bf4 f6 28.Rxe5 Bxc5 29.Rd1 Qa4
30.Rd2 Qb4 31.Rxc5 Qxc5 32.Bd6 Rxa2 33.Bxc5  1-0

[Event "Balatonbereny op"]
[Site "Balatonbereny"]
[Date "1985.??.??"]
[Round "9"]
[White "Horvath, Tamas"]
[Black "Jasnikowski, Zbigniew"]
[Result "1-0"]
[WhiteElo "2385"]
[BlackElo "2385"]

1.e4 c5 2.Nf3 e6 3.d4 cxd4 4.Nxd4 Nc6 5.Nc3 d6 6.Be3 Nf6 7.Bc4 a6 8.Qe2 Na5
9.Bd3 b5 10.b4 Nc4 11.Bxc4 bxc4 12.O-O Bb7 13.Bg5 Rc8 14.Rad1 h6 15.Bh4 Be7
16.e5 Nd5 17.Nxe6 fxe6 18.Nxd5 Bxh4 19.Qh5+ Kd7 20.Qf7+ Kc6 21.b5+ axb5 22.Nb4+ Kc5
23.Qxb7 Kxb4 24.Rb1+ Kc3 25.Qf3+ Kd4 26.Rxb5  1-0

[Event "Boeblingen op"]
[Site "Boeblingen"]
[Date "1985.??.??"]
[Round "?"]
[White "Ott, Wolfgang"]
[Black "Klundt, Klaus"]
[Result "0-1"]
[WhiteElo "2300"]
[BlackElo "2340"]

1.e4 c5 2.Nc3 Nc6 3.Nf3 e6 4.d4 cxd4 5.Nxd4 Nf6 6.Nxc6 bxc6 7.e5 Nd5 8.Ne4 Qc7
9.f4 Qb6 10.c4 Bb4+ 11.Ke2 Ba6 12.Kf3 f5 13.exf6 Nxf6 14.c5 Qa5 15.Nxf6+ gxf6
16.Bxa6 Qxa6 17.Qd4 Qb5 18.Be3 Rf8 19.a3 Ba5 20.Rhd1 Rf7 21.b4 Bc7 22.Rd2 Be5
23.a4 Qa6 24.Qd3 Qxd3 25.Rxd3 Bxa1 26.Ra3 Rb8 27.b5 cxb5 28.Rxa1 b4 29.f5 b3
30.c6 dxc6 31.fxe6 Re7  0-1

[Event "Boeblingen op"]
[Site "Boeblingen"]
[Date "1985.??.??"]
[Round "?"]
[White "Klundt, Klaus"]
[Black "Witke, Thomas"]
[Result "1-0"]
[WhiteElo "2340"]
[BlackElo "2200"]

1.e4 c5 2.Nf3 e6 3.d4 cxd4 4.Nxd4 Nc6 5.Nc3 Qc7 6.g3 a6 7.Bg2 Nf6 8.O-O Be7
9.Re1 Nxd4 10.e5 Nf5 11.exf6 gxf6 12.Bf4 d6 13.Be4 e5 14.Nd5 Qd8 15.Qd3 Ng7
16.Be3 f5 17.Bg2 O-O 18.Bb6 Qd7 19.Rad1 Bd8 20.c4 f6 21.Rd2 Qf7 22.Qa3 Be6
23.Qxd6 e4 24.Red1 Ne8 25.Qb4 a5 26.Qc5 Rc8 27.Qxa5 Bxd5 28.Bxd8 Be6 29.b3 Ng7
30.Bb6 Qe7 31.Be3 Ra8 32.Qc5 Rfe8 33.Qxe7 Rxe7 34.a4 Kf7 35.Bc5 Rc7 36.Bd6 Rd7
37.Bf4 Rxd2 38.Rxd2 b5 39.axb5 Ra1+ 40.Bf1 Nh5 41.Rb2 Ke7 42.Kg2 Nxf4+ 43.gxf4 Bf7
44.Be2  1-0

[Event "Brussels OHRA"]
[Site "Brussels"]
[Date "1985.??.??"]
[Round "5"]
[White "Gruenfeld, Yehuda"]
[Black "Kouatly, Bachar"]
[Result "1-0"]
[WhiteElo "2475"]
[BlackElo "2460"]

1.e4 c5 2.Nf3 e6 3.Nc3 Nc6 4.d4 cxd4 5.Nxd4 Nf6 6.Ndb5 d6 7.Bf4 e5 8.Bg5 a6
9.Na3 b5 10.Nd5 Be7 11.Bxf6 Bxf6 12.c3 Ne7 13.Nxf6+ gxf6 14.Nc2 Bb7 15.Bd3 Qb6
16.Ne3 d5 17.Qf3 O-O-O 18.O-O d4 19.cxd4 exd4 20.Nf5 Nxf5 21.Qxf5+ Qe6 22.Qf4 Qe5
23.Qd2 Rhg8 24.a4 f5 25.f3 bxa4 26.Rxa4 fxe4 27.fxe4 Rg6 28.Rxf7 Rdg8 29.Rc4+ Bc6
30.Rf2 Kb8 31.Qb4+ Bb7 32.Rc5 Qg7 33.Qd2 Ka8 34.b4 Qe7 35.Rc4 Bxe4 36.Bxe4+ Qxe4
37.Rxd4 Qb1+ 38.Qd1 Qxd1+ 39.Rxd1 Rg4 40.Rd7 h5 41.Rb2 Rb8 42.Ra2 Rbxb4 43.Rxa6+ Kb8
44.h3 Rg8 45.Ra2 Rb3 46.Kh2 Rb5  1-0

[Event "BUL-FRA"]
[Site "?"]
[Date "1985.??.??"]
[Round "2"]
[White "Renet, Olivier"]
[Black "Semkov, Semko"]
[Result "0-1"]
[WhiteElo "2375"]
[BlackElo "2410"]

1.e4 c5 2.Nf3 Nc6 3.d4 cxd4 4.Nxd4 e6 5.Nc3 a6 6.g3 d6 7.Bg2 Bd7 8.O-O Nf6
9.b3 Rc8 10.Bb2 b5 11.Nce2 Be7 12.h3 O-O 13.g4 h6 14.f4 Nxd4 15.Nxd4 d5 16.e5 Ne4
17.Qd3 Qb6 18.Kh2 Rfd8 19.a3 Bh4 20.Rf3 Qc7 21.Raf1 f6 22.exf6 Bxf6 23.Re3 e5
24.fxe5 Bxe5+ 25.Kg1 Kh8 26.Rf7 Rf8 27.Ne6 Bh2+ 28.Kh1 Rxf7 29.Nxc7 Nf2+
30.Kxh2 Nxd3 31.Rxd3 Rxc7 32.Bxd5 Rxc2+ 33.Kg3 Re7 34.Bc3 Rce2 35.Bd2 Be8
36.Bf3 R2e6 37.Bb4 Re3 38.Rxe3 Rxe3 39.Kf4 Rxb3 40.h4 g5+  0-1

[Event "Midwest Masters"]
[Site "Chicago"]
[Date "1985.??.??"]
[Round "1"]
[White "Kaushansky, Leonid"]
[Black "Ahlstrom, S."]
[Result "1-0"]
[WhiteElo "2355"]
[BlackElo "2200"]

1.e4 c5 2.Nf3 e6 3.d4 cxd4 4.Nxd4 Nc6 5.Nc3 a6 6.g3 Qc7 7.Bg2 Nf6 8.O-O Be7
9.a4 O-O 10.Nb3 d6 11.a5 Ne5 12.Qe2 Bd7 13.f4 Nc4 14.g4 h6 15.g5 hxg5 16.fxg5 Nh7
17.h4 Rac8 18.Qf2 Ne5 19.Bf4 f5 20.Bxe5 dxe5 21.exf5 exf5 22.Nd5 Bc5 23.Nxc5 Qxc5
24.Qxc5 Rxc5 25.Ne7+ Kf7 26.Nxf5 Bxf5 27.Rxf5+ Kg6 28.Rxf8 Nxf8 29.Bxb7 Kh5
30.Bxa6 Rxc2 31.Bd3 Rxb2 32.a6 Nd7 33.a7 Nb6 34.Ra6 Na8 35.Ra4 Rd2 36.Be4 Nb6
37.Bf3+ Kg6 38.Ra6  1-0

[Event "Midwest Masters"]
[Site "Chicago"]
[Date "1985.??.??"]
[Round "4"]
[White "Weiss, Mitchel"]
[Black "Sandrin, A."]
[Result "0-1"]
[WhiteElo "2200"]
[BlackElo "2200"]

1.e4 c5 2.Nf3 Nc6 3.d4 cxd4 4.Nxd4 e6 5.Nc3 Qc7 6.g3 a6 7.Bg2 Nf6 8.Be3 Na5
9.Nde2 Nc4 10.Bc1 b5 11.b3 Nb6 12.Bf4 e5 13.Bg5 Be7 14.O-O Bb7 15.Bxf6 Bxf6
16.Qd3 Rc8 17.Rac1 O-O 18.Nd5 Bxd5 19.exd5 Be7 20.c3 f5 21.Rfd1 d6 22.f4 e4
23.Qd2 Bf6 24.Kh1 Qd8 25.g4 Rc5 26.gxf5 Rxd5 27.Qe3 Rxf5 28.Bxe4 Rc5 29.Qh3 Qc8
30.Qxh7+ Kf7 31.Qg6+ Ke7 32.Ng3 Qh3 33.Nf5+ Rxf5 34.Qxf5 Qxf5 35.Bxf5 Bh4
36.Bg6 Rxf4 37.Rf1 Rxf1+ 38.Rxf1 Bf6 39.Re1+ Kd7 40.Bf5+ Kc7 41.Rc1 d5 42.Kg2 Kd6
43.Kf3 a5 44.Ke2 a4 45.Kd3 axb3 46.axb3 Kc5 47.b4+ Kd6 48.Re1 Be5 49.h3 Na4
50.Rxe5 Kxe5 51.Bd7 Nb2+ 52.Kc2 Nc4 53.Bxb5 Na3+ 54.Kd3 Nxb5 55.c4 dxc4+
56.Kxc4 Nc7 57.b5 Nxb5 58.Kxb5 Kf4 59.Kc5 Kg3 60.Kd4 Kxh3 61.Ke3 Kg3 62.Ke2 Kg2
63.Ke3 g5  0-1

[Event "Capablanca mem-B"]
[Site "Cienfuegos"]
[Date "1985.??.??"]
[Round "8"]
[White "Vogt, Lothar"]
[Black "Ortega, Lexy"]
[Result "1-0"]
[WhiteElo "2460"]
[BlackElo "2385"]

1.e4 c5 2.Nc3 Nc6 3.Nge2 e6 4.d4 cxd4 5.Nxd4 d6 6.Be2 Nf6 7.O-O Be7 8.Be3 O-O
9.f4 a6 10.Kh1 Qc7 11.Qe1 Nxd4 12.Bxd4 e5 13.fxe5 dxe5 14.Qg3 Bd6 15.Be3 Ne8
16.Rf2 Be6 17.Bg4 Qe7 18.Rd1 Nc7 19.Rfd2 Bxg4 20.Qxg4 Bb4 21.Rd7 Qe6 22.Qxe6 Nxe6
23.Nd5 Bc5 24.Rxb7 Rfd8 25.Bxc5 Nxc5 26.Rb4 Kf8 27.Rc4 Nb7 28.g3 Nd6 29.Ra4 Rac8
30.Ne3 Nb5 31.Rxd8+ Rxd8 32.Nd5 f5 33.c4 fxe4 34.Rxa6 Nd4 35.Kg2 Kg8 36.Kf2 Nc2
37.Ke2 h6 38.Nc3 Rd4 39.b3 e3 40.Nb1 e4 41.c5 Rd3 42.Rd6 Nd4+ 43.Rxd4 Rxd4
44.Kxe3 Rd1 45.Na3 Re1+ 46.Kd4 e3 47.Nc2 Rd1+ 48.Kxe3 Kf7 49.b4 Ke6 50.Ke4 Rd2
51.Nd4+ Kd7 52.a4 Rxh2 53.a5 Ra2 54.Kd5 h5 55.c6+ Kc8 56.Ne6 Ra3 57.a6 Rxg3  1-0

[Event "Copenhagen op"]
[Site "Copenhagen"]
[Date "1985.??.??"]
[Round "1"]
[White "Stelting, Thorsten"]
[Black "Van Mil, Johannes A J"]
[Result "1/2-1/2"]
[WhiteElo "2245"]
[BlackElo "2345"]

1.e4 c5 2.Nf3 e6 3.d4 cxd4 4.Nxd4 Nc6 5.Nc3 a6 6.Be3 Nge7 7.Nb3 Ng6 8.g3 Be7
9.h4 b5 10.f4 d6 11.h5 Nf8 12.Bg2 Bb7 13.Qd2 Nd7 14.O-O-O Na5 15.Nxa5 Qxa5
16.Kb1 Rc8 17.Rh2 b4 18.Ne2 Nf6 19.Qd3 e5 20.Bf3 Qc7 21.g4 Qc4 22.Ng3 Qxd3
23.cxd3 exf4 24.Bxf4 g6 25.g5 Nd7 26.Bg4 Rc7 27.d4 Rf8 28.e5 dxe5 29.dxe5 Nb6
30.Rc1 Rxc1+ 31.Bxc1 Nc4 32.hxg6 hxg6 33.Re2 Rh8 34.Ne4 Kf8 35.Nf6 Rh4 36.Bd7 Bf3
37.Rf2 Nxe5 38.Bc8 a5 39.Ba6 Bxf6 40.gxf6 Be4+ 41.Ka1 Rh1 42.Rf1 Rxf1 43.Bxf1 Ke8
44.Bf4 Nc6 45.Bc4 Bf5  1/2-1/2

[Event "Copenhagen op"]
[Site "Copenhagen"]
[Date "1985.??.??"]
[Round "1"]
[White "Hector, Jonny"]
[Black "Plachetka, Jan"]
[Result "1/2-1/2"]
[WhiteElo "2295"]
[BlackElo "2440"]

1.e4 c5 2.Nf3 e6 3.d4 cxd4 4.Nxd4 Nc6 5.Nc3 d6 6.Be3 Nf6 7.Bc4 a6 8.Qe2 Qc7
9.Bb3 Be7 10.O-O-O Na5 11.g4 Nxb3+ 12.axb3 b5 13.g5 Nd7 14.h4 Bb7 15.f3 Nc5
16.Kb1 b4 17.Na4 Qa5 18.h5 Nxa4 19.bxa4 Bxg5 20.Nb3 Qd8 21.Bxg5 Qxg5 22.Rxd6 O-O
23.Rb6 Qe7 24.Rg1 Rfc8 25.Qd2 a5 26.Qh6 g6 27.hxg6 fxg6 28.Nd4 Ra6 29.Rxg6+ hxg6
30.Qxg6+ Kh8 31.Qh5+ Qh7 32.Qxh7+ Kxh7 33.Rxb7+ Kg6 34.f4 Rd6 35.Nxe6 Rd1+
36.Ka2 Rxc2 37.Rb6 Kh5 38.Rb5+ Kh4 39.Kb3 Rdd2 40.Nd4 Rxb2+ 41.Kc4 Kg4 42.Rxa5 Kxf4
43.e5 Rb1 44.Rb5 Rc1+ 45.Kd5 Rcd1  1/2-1/2

[Event "Copenhagen op"]
[Site "Copenhagen"]
[Date "1985.??.??"]
[Round "3"]
[White "Schandorff, Lars"]
[Black "Van Mil, Johannes A J"]
[Result "0-1"]
[WhiteElo "2275"]
[BlackElo "2345"]

1.e4 c5 2.Nf3 e6 3.d4 cxd4 4.Nxd4 Nc6 5.Nc3 a6 6.g3 Nxd4 7.Qxd4 Ne7 8.Bg5 Nc6
9.Qd2 f6 10.Be3 b5 11.Bg2 Bb7 12.O-O Ne5 13.Qe2 Be7 14.Qh5+ g6 15.Qh6 Bf8
16.Qh3 h5 17.Bd4 g5 18.f4 g4 19.Qh4 Bc5 20.Bxc5 Ng6 21.e5 Nxh4 22.Bxb7 Nf3+
23.Kg2 f5 24.Rad1 h4 25.Bxf3 gxf3+ 26.Rxf3 Qc7 27.b4 Qb7 28.Rd3 hxg3 29.hxg3 O-O-O
30.a4 Rh7 31.axb5 axb5 32.Nd1 Rdh8 33.Nf2 Rh2+ 34.Kf1 Kd8 35.Ra3 Ke8 36.Rfd3 Qg2+
37.Ke2 Qe4+ 38.Kd2 Rxf2+ 39.Bxf2 Rh2 40.Rf3 Rxf2+  0-1

[Event "Copenhagen"]
[Site "Copenhagen"]
[Date "1985.??.??"]
[Round "3"]
[White "Kristiansen, Jens"]
[Black "Plaskett, Jim"]
[Result "1/2-1/2"]
[WhiteElo "2455"]
[BlackElo "2495"]

1.e4 c5 2.Nf3 e6 3.Nc3 Nc6 4.d4 cxd4 5.Nxd4 Qc7 6.Be2 a6 7.O-O Nf6 8.Kh1 Bb4
9.Nxc6 bxc6 10.f4 d5 11.e5 Nd7 12.Na4 O-O 13.c4 f6 14.exf6 Nxf6 15.Be3 dxc4
16.Bxc4 Nd5 17.Bxd5 exd5 18.Rc1 Re8 19.Nb6 Rb8 20.Nxd5 Qf7 21.Nxb4 Rxb4 22.Qd2 Rbe4
23.Rce1 Qxa2 24.Bf2 Qc4 25.Kg1 Rxe1  1/2-1/2

[Event "Copenhagen op"]
[Site "Copenhagen"]
[Date "1985.??.??"]
[Round "7"]
[White "Reinert, Mads"]
[Black "Van Mil, Johannes A J"]
[Result "0-1"]
[WhiteElo "2260"]
[BlackElo "2345"]

1.e4 c5 2.Nf3 e6 3.d4 cxd4 4.Nxd4 Nc6 5.Nc3 a6 6.Be2 Nge7 7.Nb3 b5 8.Bg5 h6
9.Be3 Ng6 10.O-O Be7 11.a4 b4 12.a5 Nxa5 13.Nxa5 bxc3 14.bxc3 O-O 15.Nc4 Qc7
16.Nb6 Rb8 17.Nxc8 Rfxc8 18.Bxa6 Rd8 19.c4 Bc5 20.Qd2 Bxe3 21.Qxe3 Rb2 22.Rfb1 Qe5
23.c3 Rc2 24.Rc1 Rxc1+ 25.Rxc1 Ra8 26.Bb5 d6 27.g3 Ra2 28.Rd1 Qh5 29.Rxd6 Ne5
30.Ra6 Ng4 31.Rxa2 Qxh2+ 32.Kf1 Nxe3+ 33.Ke2 Ng4 34.Kf3 Ne5+ 35.Ke3  0-1

[Event "Copenhagen op"]
[Site "Copenhagen"]
[Date "1985.??.??"]
[Round "9"]
[White "Gausel, Einar"]
[Black "Plachetka, Jan"]
[Result "0-1"]
[WhiteElo "2335"]
[BlackElo "2440"]

1.e4 c5 2.Nf3 e6 3.d4 cxd4 4.Nxd4 Nc6 5.Nc3 Qc7 6.g3 a6 7.Bg2 Nf6 8.O-O Be7
9.a4 O-O 10.h3 d6 11.Nde2 b6 12.g4 h6 13.Ng3 Bb7 14.h4 Nh7 15.g5 hxg5 16.hxg5 Bxg5
17.Bxg5 Nxg5 18.Qg4 Nh7 19.Nh5 g6 20.f4 Ne7 21.Ng3 Qc5+ 22.Rf2 Kh8 23.Bf3 f5
24.Qh4 g5 25.fxg5 f4 26.Nge2 Qxg5+ 27.Qxg5 Nxg5 28.Rh2+ Kg7 29.Kf2 Ng6 30.Rg1 Nxf3
31.Kxf3 Rf6 32.Rg5 Rh8 33.Rxh8 Kxh8 34.Rxg6 Rxg6 35.Nxf4 Rf6 36.Ke3 Kg8 37.b3 Kf7
38.Nd3 Rh6 39.Nb2 Rh3+ 40.Kd2 Rh2+ 41.Kd1 Ke7 42.Nc4 Rh4 43.Nxb6 Bxe4 44.Nxe4 Rxe4
45.c4 Kd8 46.a5 Kc7 47.Kd2 Kc6 48.Kd3 Rh4 49.Na4 Rh3+ 50.Kc2 d5 51.cxd5+ Kxd5
52.b4 Kc4 53.Nc5 Rh2+ 54.Kd1 Kxb4 55.Nxa6+ Kxa5 56.Nc5 Rh6 57.Ke2 Kb5 58.Nd3 Kc4
59.Ke3 Kd5  0-1

[Event "Dortmund"]
[Site "Dortmund"]
[Date "1985.??.??"]
[Round "8"]
[White "Kindermann, Stefan"]
[Black "Bischoff, Klaus"]
[Result "1/2-1/2"]
[WhiteElo "2480"]
[BlackElo "2415"]

1.e4 c5 2.Nf3 e6 3.d4 cxd4 4.Nxd4 Nc6 5.Nc3 a6 6.g3 Nge7 7.Nb3 Ng6 8.Bg2 Be7
9.Qe2 O-O 10.Be3 Qc7 11.f4 f6 12.O-O Rb8 13.a4 b6 14.Qc4 Bd8 15.Rad1 Nh8
16.Rf2 Nf7 17.Rfd2 Re8 18.Bf2 Re7 19.Bf1 Qb7 20.Nc1 Bc7 21.N1a2 Ra8 22.Nb4 Na5
23.Qe2 Qb8 24.Bg2 Ra7 25.Qh5 Bd8 26.b3 Re8 27.Nd3 Nc6 28.Ne2 Rc7 29.Nd4 Nxd4
30.Bxd4 Be7 31.Qe2 d6 32.Qf2 Bd8 33.Nb4 a5 34.Nd3 e5 35.Be3 Rc3 36.Kh1 Bb7
37.Re1 Ba8 38.Nb2 b5 39.axb5 Qxb5 40.Na4 Rc8 41.Rd3 Qb4  1/2-1/2

[Event "Dresden"]
[Site "Dresden"]
[Date "1985.??.??"]
[Round "1"]
[White "Espig, Lutz"]
[Black "Boensch, Uwe"]
[Result "1/2-1/2"]
[WhiteElo "2420"]
[BlackElo "2460"]

1.e4 c5 2.Nf3 e6 3.d4 cxd4 4.Nxd4 Nc6 5.Nc3 d6 6.Be3 Nf6 7.Be2 a6 8.O-O Be7
9.f4 O-O 10.Qe1 Bd7 11.Qg3 Nxd4 12.Bxd4 Bc6 13.Kh1 b5 14.a3 Qd7 15.Rad1 Qb7  1/2-1/2

[Event "Dresden"]
[Site "Dresden"]
[Date "1985.??.??"]
[Round "12"]
[White "Tischbierek, Raj"]
[Black "Schmidt, Wlodzimierz"]
[Result "1/2-1/2"]
[WhiteElo "2465"]
[BlackElo "2470"]

1.e4 c5 2.Nf3 e6 3.d4 cxd4 4.Nxd4 Nc6 5.Nc3 a6 6.g3 d6 7.Bg2 Bd7 8.O-O Nf6
9.a4 Be7 10.Nb3 Na5 11.Nxa5 Qxa5 12.Bf4 Qc7 13.Qd2 Bc6 14.a5 O-O 15.Be3 Nd7
16.f4 b5 17.axb6 Nxb6 18.b3 Qb7 19.Bd4 Rfe8 20.f5 Nd7 21.fxe6 fxe6 22.Qf4 Bf8
23.Qf7+ Kh8 24.Qh5 Qb8 25.Ne2 Qb5 26.Nf4 Qxh5 27.Nxh5 e5 28.Bb2 Nc5 29.Rfe1 a5
30.g4 Be7 31.Ng3 g6 32.Bc3 a4 33.b4 Ne6 34.Bf1 Rec8 35.Bb2 Nd4 36.Bxd4 exd4
37.Bd3 Rcb8  1/2-1/2

[Event "Frunze"]
[Site "Frunze"]
[Date "1985.??.??"]
[Round "10"]
[White "Watson, William N"]
[Black "Romanishin, Oleg M"]
[Result "1/2-1/2"]
[WhiteElo "2460"]
[BlackElo "2570"]

1.e4 c5 2.Nf3 e6 3.d4 cxd4 4.Nxd4 Nc6 5.Nc3 a6 6.f4 Nxd4 7.Qxd4 b5 8.Bd3 Bb7
9.Qf2 b4 10.Na4 Nf6 11.e5 Ne4 12.Bxe4 Bxe4 13.Be3  1/2-1/2

[Event "Mittelfranken"]
[Site "Germany"]
[Date "1985.??.??"]
[Round "?"]
[White "Hein, Carsten"]
[Black "Schmid, Michael"]
[Result "1-0"]
[WhiteElo "2200"]
[BlackElo "2200"]

1.e4 c5 2.Nf3 e6 3.d4 cxd4 4.Nxd4 Nc6 5.Nc3 d6 6.Be2 Be7 7.Be3 Nf6 8.O-O O-O
9.Qd2 Nxd4 10.Qxd4 e5 11.Qd2 Be6 12.Rad1 a6 13.Bf3 b5 14.Bg5 Ne8 15.Bxe7 Qxe7
16.Nd5 Bxd5 17.Qxd5 Rd8 18.Qc6 Nc7 19.Rd2 Rd7 20.Rfd1 Rfd8 21.Bg4 Ne6 22.Qxa6 Ra7
23.Qxb5 Nd4 24.Qc4 Rc7 25.Qd3 Rb7 26.c3 Nc6 27.h3 g6 28.Qc4 Rc7 29.Qa6 h5
30.Be2 Nb8 31.Qa3 Ra7 32.Qb3 Nc6 33.a4 Na5 34.Qb6 Qb7  1-0

[Event "Bundesliga 8485"]
[Site "Germany"]
[Date "1985.??.??"]
[Round "?"]
[White "Kavalek, Lubomir"]
[Black "Wegner, Hannu"]
[Result "1-0"]
[WhiteElo "2555"]
[BlackElo "2220"]

1.e4 c5 2.Nf3 e6 3.d4 cxd4 4.Nxd4 Nc6 5.Nc3 d6 6.g3 Nf6 7.Bg2 Bd7 8.O-O a6
9.Re1 Be7 10.Nce2 Nxd4 11.Nxd4 Qc7 12.b3 O-O 13.c4 b5 14.Ba3 Rae8 15.cxb5 Qa5
16.Bb2 axb5 17.e5 dxe5 18.Rxe5 Qb6 19.Rc1 Bd6 20.Re2 Rc8 21.Rxc8 Rxc8 22.Nf3 Be8
23.Ne5 h6 24.a3 Be7 25.Rd2 Rd8 26.Rxd8 Bxd8 27.Bc6 Bxc6 28.Nxc6 Bc7 29.Bxf6 Qxc6
30.Qg4 Qc1+ 31.Kg2 Qc6+ 32.Kg1 Qc1+ 33.Kg2 Qc6+ 34.Kh3 g6 35.a4 Qd5 36.axb5 Qxb3
37.Qe2 Qd5 38.g4 h5 39.f3 hxg4+ 40.fxg4 Bd8 41.Bxd8 Qxd8 42.Qe3 Qd5 43.b6 f5
44.Kh4 Kf7 45.Qf4 Qg2 46.Qg3 Qe4 47.Kg5 fxg4 48.Qf4+  1-0

[Event "Bundesliga 8485"]
[Site "Germany"]
[Date "1985.??.??"]
[Round "?"]
[White "Schlemmermeyer, Wilhelm"]
[Black "Konieczka, Frank"]
[Result "0-1"]
[WhiteElo "2220"]
[BlackElo "2240"]

1.e4 c5 2.Nf3 e6 3.d4 cxd4 4.Nxd4 Nc6 5.Nc3 a6 6.Be2 d6 7.O-O Be7 8.Kh1 Nf6
9.f4 Qc7 10.Be3 O-O 11.Qe1 Bd7 12.Qg3 Nxd4 13.Bxd4 b5 14.e5 dxe5 15.fxe5 Ne8
16.Bd3 Bc6 17.Rf4 f5 18.exf6 Bxf6 19.Bc5 e5 20.Rf2 Bxg2+ 21.Qxg2 Qxc5 22.Raf1 Ra7
23.Ne4 Qe7 24.a4 Kh8 25.axb5 axb5 26.Ng5 g6 27.Bxb5 Nd6 28.Bd3 Nf5 29.Bxf5 Bxg5
30.Be4 Bf4 31.Qh3 Kg7 32.Qc3 Rc7 33.Rxf4 Rxc3 34.Rxf8 Re3 35.Bd5 Qxf8 36.Rxf8 Kxf8
37.b4 Re1+ 38.Kg2 Re2+  0-1

[Event "Bundesliga 8485"]
[Site "Germany"]
[Date "1985.??.??"]
[Round "?"]
[White "Schlick, Volker"]
[Black "Klundt, Klaus"]
[Result "1-0"]
[WhiteElo "2320"]
[BlackElo "2340"]

1.e4 c5 2.Nf3 Nc6 3.Nc3 e6 4.d4 cxd4 5.Nxd4 Nf6 6.Be2 Bb4 7.Nxc6 bxc6 8.e5 Nd5
9.Bd2 Nxc3 10.bxc3 Bc5 11.O-O d5 12.Bd3 Qh4 13.Kh1 f5 14.exf6 gxf6 15.f4 O-O
16.Rf3 f5 17.Rb1 Rf7 18.Be1 Qf6 19.Rh3 Rg7 20.Bh4 Qg6 21.Rg3 Qf7 22.Qe2 Bd6
23.Rxg7+ Qxg7 24.Ba6 Qg4 25.Qe1 Qg6 26.Bxc8 Rxc8 27.Qe3 Rb8 28.Re1 Re8 29.Rf1 c5
30.Rf3 Kf7 31.Qd3 Rg8 32.g3 Qg4 33.Rf1 Re8 34.Qa6 Be7 35.Qxa7 Qe2 36.Kg1 Qe3+
37.Rf2 Qxc3 38.Re2 Qc4 39.Kf1 Kf8 40.Bxe7+ Rxe7 41.Qb8+ Kg7 42.Qe5+ Kf7 43.Qh8 Qxa2
44.Qxh7+ Ke8 45.Qg8+ Kd7 46.Qb8 Qc4 47.Kf2 Qd4+ 48.Kg2 Qc4 49.Kf1 Qa6 50.Kf2 Re8
51.Qe5 Qd6 52.Qg7+ Re7 53.Qa1 Ke8 54.Qh8+ Kf7 55.h4 Re8 56.Qh5+ Kf8 57.Qh6+ Kf7
58.Qh7+ Kf8 59.h5 Qe7 60.Qh6+ Kf7 61.Qg6+ Kf8 62.c3 Qf7 63.Qh6+ Kg8 64.Re5 c4
65.g4 Qa7+ 66.Kg2 Qa2+ 67.Kg3 Qa1 68.Qg6+ Kf8 69.Kh4 Qg1 70.Qf6+ Kg8 71.Qg6+ Kf8
72.gxf5 Qh2+ 73.Kg5 Re7 74.f6 Rf7 75.Rxe6 Qg3+ 76.Kf5 Qh3+ 77.Qg4 Qd3+ 78.Kg5 Rh7
79.Re8+ Kxe8 80.Qc8+ Kf7 81.Qd7+  1-0

[Event "Nordic-ch"]
[Site "Gjovik"]
[Date "1985.??.??"]
[Round "?"]
[White "Maki, Veijo"]
[Black "Ost Hansen, Jacob"]
[Result "1/2-1/2"]
[WhiteElo "2365"]
[BlackElo "2420"]

1.e4 c5 2.Nf3 e6 3.d4 cxd4 4.Nxd4 Nc6 5.Nc3 a6 6.Be2 Nge7 7.O-O Nxd4 8.Qxd4 Nc6
9.Qd3 Qc7 10.Bg5 Bd6 11.Qh3 O-O 12.Rad1 f6 13.Bc1 b5 14.Bxb5 axb5 15.Nxb5 Bxh2+
16.Qxh2 Qxh2+ 17.Kxh2 Rxa2 18.Rfe1 g5 19.f3 Ne5 20.Kg1 Bb7 21.Nc3 Raa8 22.Kf2 Bc6
23.Rh1  1/2-1/2

[Event "Hamburg HSV"]
[Site "Hamburg"]
[Date "1985.??.??"]
[Round "?"]
[White "Kruszynski, Wlodzimierz"]
[Black "Wegner, Hannu"]
[Result "0-1"]
[WhiteElo "2370"]
[BlackElo "2210"]

1.e4 c5 2.Nf3 e6 3.d4 cxd4 4.Nxd4 Nc6 5.Nc3 d6 6.Be2 Nf6 7.O-O Be7 8.Kh1 Bd7
9.Nb3 a6 10.a4 Na5 11.Nxa5 Qxa5 12.f4 Bc6 13.Bf3 O-O 14.Be3 Rfe8 15.Qd2 Qc7
16.a5 Nd7 17.Na4 Bxa4 18.Rxa4 Rec8 19.c4 b6 20.b3 Nc5 21.axb6 Qxb6 22.e5 Rab8
23.b4 Nxa4 24.Bxb6 Nxb6 25.exd6 Nxc4 26.Qa2 Nxd6 27.Qa5 Nf5 28.Qxa6 Bxb4
29.Bb7 Rd8 30.g3 g6 31.Qa7 h5 32.Be4 Bf8 33.Rf2 Rd1+ 34.Kg2 Rbb1 35.Qa5 Bg7
36.Re2 Bf6 37.Kh3 Ra1 38.Qb6 Kg7 39.Rc2 Nh6 40.Bf3 Rd3 41.Qb7 Raa3 42.Be2 Rdb3
43.Qg2 h4 44.Bg4 e5 45.fxe5 Bxe5 46.Kxh4 Rb4 47.Qd2 Rxg4+ 48.Kh3 Raxg3+ 49.hxg3 Rxg3+
50.Kh2 Rd3+  0-1

[Event "Hamburg HSV"]
[Site "Hamburg"]
[Date "1985.??.??"]
[Round "?"]
[White "Westerinen, Heikki MJ"]
[Black "Kruszynski, Wlodzimierz"]
[Result "1-0"]
[WhiteElo "2390"]
[BlackElo "2370"]

1.e4 c5 2.Nf3 e6 3.d4 cxd4 4.Nxd4 Nc6 5.Nc3 a6 6.Bf4 d6 7.Bg3 Nf6 8.Qd2 Bd7
9.Nf3 Qc7 10.O-O-O e5 11.Nd5 Nxd5 12.exd5 Na5 13.Nxe5 dxe5 14.Bxe5 Qc5 15.Bc3 b6
16.Re1+ Kd8 17.b4 Qd6 18.bxa5 Qa3+ 19.Kb1 Rb8 20.Ka1 b5 21.Bb2 Qa4 22.Bd3 f6
23.Re4 b4 24.Qf4 Ra8 25.Bxf6+ gxf6 26.Qxf6+ Kc7 27.Qb6+  1-0

[Event "Hastings8586"]
[Site "Hastings"]
[Date "1985.??.??"]
[Round "8"]
[White "Braga, Fernando"]
[Black "Cramling, Pia"]
[Result "1/2-1/2"]
[WhiteElo "2390"]
[BlackElo "2400"]

1.e4 c5 2.Nf3 e6 3.d4 cxd4 4.Nxd4 Nc6 5.Nc3 d6 6.Be2 Nf6 7.O-O Be7 8.Be3 O-O
9.f4 Bd7 10.Nb3 Qc7 11.Bf3 Rfd8 12.Kh1 Be8 13.Rf2 Rac8 14.Rd2 Na5 15.Nxa5 Qxa5
16.a4 Bc6 17.Qg1 d5 18.exd5 Bxd5 19.Nxd5 Nxd5 20.c3 Nxe3 21.Qxe3  1/2-1/2

[Event "Jurmala"]
[Site "Jurmala"]
[Date "1985.??.??"]
[Round "9"]
[White "King, Daniel J"]
[Black "Yap, Andronico"]
[Result "1-0"]
[WhiteElo "2425"]
[BlackElo "2425"]

1.e4 c5 2.Nc3 Nc6 3.Nf3 e6 4.d4 cxd4 5.Nxd4 a6 6.f4 Qc7 7.Be2 d6 8.Be3 Nf6
9.O-O Be7 10.Kh1 O-O 11.a4 Re8 12.Bg1 Bd7 13.Qd3 Rac8 14.Qg3 e5 15.fxe5 dxe5
16.Nxc6 Qxc6 17.Rad1 Kh8 18.Be3 h6 19.Bd3 Be6 20.h3 Nh5 21.Qxe5 f5 22.Be2 Bf6
23.Qh2 f4 24.Bxh5 fxe3 25.Bxe8 Rxe8 26.Rxf6 gxf6 27.Qf4 Kg7 28.Re1 Bf7 29.Rxe3 Re5
30.h4 h5 31.Rg3+ Kh7 32.Kh2 Qd6 33.Rd3 Qe6 34.Nd5 Kg7 35.Rg3+ Bg6 36.Qf2 Rxd5
37.exd5 Qxd5 38.Qf4 Kh7 39.Qxf6 Qe4 40.Qxg6+ Qxg6 41.Rxg6 Kxg6 42.Kg3 Kf5  1-0

[Event "Kavala zt"]
[Site "Kavala"]
[Date "1985.??.??"]
[Round "?"]
[White "Seitaj, Ilir"]
[Black "Marjanovic, Slavoljub"]
[Result "1/2-1/2"]
[WhiteElo "2335"]
[BlackElo "2505"]

1.e4 c5 2.Nf3 e6 3.d4 cxd4 4.Nxd4 Nc6 5.Nc3 Qc7 6.Be2 a6 7.O-O Nf6 8.Kh1 Nxd4
9.Qxd4 Bc5 10.Qd3 h5 11.f4 Ng4 12.e5 b5 13.Bf3 Rb8 14.Ne4 Bb7 15.Nxc5 Qxc5
16.Qe2 Bxf3 17.Rxf3 Rc8 18.c3 d5 19.exd6 Qxd6 20.Be3 Nxe3 21.Rxe3 Rc5 22.Rd1 Rd5
23.Red3 Rxd3 24.Qxd3 Qxd3 25.Rxd3 Ke7 26.Kg1 Rc8 27.Kf2 Rc5 28.h4 f6 29.g3 g5
30.hxg5 fxg5 31.fxg5 Rxg5 32.Rd4 Rf5+ 33.Ke2 Re5+ 34.Kf3 a5 35.a4  1/2-1/2